000
00258nam a2200097Ia 4500
008
220204s9999 xx 000 0 und d
082
_a
631.44(084.3)
_b
MUN
245
0
_a
Munsell soil color charts. Rev Ed.
260
_a
New York
_b
GrtogMacbeth
_c
2000
942
_c
BK
999
_c
44848
_d
44848